Match Guns N' Roses songs to the album by its cover - Statistics

General Stats
  • This quiz has been taken 35 times
  • The average score is 23 of 30
Answer Stats
Hint Answer % Correct
Welcome To The Jungle
96%
Dust N'Bones
93%
Civil War
93%
Sweet Child O'Mine
93%
Paradise City
93%
My Michelle
93%
Chinese Democracy
89%
Mr. Brownstone
89%
This I Love
86%
November Rain
86%
Knockin' On Heaven's Door
86%
Rocket Queen
86%
Nightrain
86%
Garden Of Eden
82%
It's So Easy
82%
Shotgun Blues
79%
Estranged
79%
Since I Don't Have You
75%
Live And Let Die
75%
Bad Obsession
75%
So Fine
75%
Double Talkin'Jive
71%
14 Years
71%
Down On The Farm
68%
Don't Damn Me
68%
You Could Be Mine
68%
Yesterdays
64%
You Ain't The First
50%
Perfect Crime
43%
Breakdown
32%
No matching quizzes found
Score Distribution
Percent of People with Each Score
Percentile by Number Answered
Your Score History
You have not taken this quiz